000 00851nam a2200229Ia 4500
001 10001
003 GE_BSU
008 181216s||||||||xx |||||||||||||| ||und||
040 _cGE_BSU
080 _a82-93+821.353.1-32
100 _aპაპიაშვილი,გიორგი
245 _aდიდი ცხოვრების გზაზე
245 _bმოთხრობები ბავშვთათვის
245 _cრედ.თ.ზახაშვილი,მხატვ.რ.წუცქირიძე
260 _aთბილისი
260 _bსაბლიტგამი
260 _c1957
300 _a176გვ.ილ.20სმ.
653 _aდიდი ცხოვრების გზაზე
653 _aმოთხრობები ბავშვთათვის
942 _cBK
999 _c43274
_d43274